000 00353nam a2200121Ia 4500
005 20251028132344.0
008 251020t2012||||xx |||||||||||||| ||spa||
041 _aspa
100 _aAsociación Peruana de Investigación de Ciencias Jurídicas
245 0 _aModelos en el nuevo código procesal penal (versión resumida)
260 _c2012
942 _CLB
_cLB
999 _c887
_d887